|
|
|
|
| LEADER |
06067nam a2200889 i 4500 |
| 001 |
mzk03001241202 |
| 003 |
CZ BrMZK |
| 005 |
20190422224858.0 |
| 007 |
ta |
| 008 |
180102s1557 sz fr|||||00| ||latod |
| 040 |
|
|
|a BOA001
|b cze
|e rda
|
| 041 |
0 |
|
|a lat
|a grc
|
| 043 |
|
|
|a e------
|a ff-----
|a aw-----
|a mm-----
|a a-is---
|
| 072 |
|
7 |
|a 94(100)
|x Světové dějiny
|2 Konspekt
|9 8
|
| 072 |
|
7 |
|a 094
|x Staré tisky
|2 Konspekt
|9 12
|
| 080 |
|
|
|a 94(100)
|2 MRF
|
| 080 |
|
|
|a 82-94
|2 MRF
|
| 080 |
|
|
|a 94(3)
|2 MRF
|
| 080 |
|
|
|a 94(=411.16)
|2 MRF
|
| 080 |
|
|
|a 025.171
|2 MRF
|
| 080 |
|
|
|a (37)
|2 MRF
|
| 080 |
|
|
|a (38+392)
|2 MRF
|
| 080 |
|
|
|a (394.5)
|2 MRF
|
| 080 |
|
|
|a (0.068)094
|2 MRF
|
| 080 |
|
|
|a (093.3)
|2 MRF
|
| 100 |
0 |
|
|a Johannes Zonaras,
|d -1130
|7 mzk2009510045
|4 aut
|
| 245 |
1 |
0 |
|a IOANNIS ZONARAE Monachi, qui olim Byzantij Magnus Drungarius excubiaru[m] seu Biglae, & protosecretarius fuit, compendium Historiarum, in tres Tomos distinctum :
|b Quorum Primus agit de rebus Iudaicis, ab exordio Mundi usq[ue]; ad Hierosolymitanum excidium. Secundus, Historiam Romanam, ab Vrbe condita usq[ue]; ad Constantinum Magnum, breuiter complectitur. Tertius, Imperatorum res gestas, à Constantino Magno usq[ue]; ad obitum Alexij Comneni, tractat. Opus praeclarum, ac diu desideratum: nun uerò demum liberalitate magnifici & generosi uiri D. ANTONII FVGGERI, &c. & labore HIERONYMI WOLFII, Graecè ac Latinè, quinq[ue] codicibus inter se collatis, quàm emendatißimè fieri potuit, in lucem editum. Singulis Tomis sui additi sunt INDICES, & uariarum lectionum Annotationes
|
| 246 |
3 |
3 |
|a Compendium Historiarum
|
| 246 |
3 |
8 |
|a JOANNIS ZONARAE COMPENDIUM HISTORIARUM
|
| 264 |
|
1 |
|a BASILEAE :
|b PER IOANnem Oporinum,
|c 1557
|
| 300 |
|
|
|a 12 nečíslovaných stran, 224 stran, 36 nečíslovaných stran ;
|c 2°
|
| 336 |
|
|
|a text
|b txt
|2 rdacontent
|
| 337 |
|
|
|a bez média
|b n
|2 rdamedia
|
| 338 |
|
|
|a svazek
|b nc
|2 rdacarrier
|
| 500 |
|
|
|a Rozsah: [12], 224, [36] s.
|
| 500 |
|
|
|a Výzdoba: Na titulním listu nad impresem dřevořezový tiskařský signet (polonahý muž se suknicí z květin, věncem na hlavě a houslemi v rukou, který stojí na rybě), dřevořezové iniciály v rámcích s figurálními výjevy, text tištěn dvousloupcově
|
| 500 |
|
|
|a Na hřbetě nalepený štítek se signaturou XXII. A. 16
|
| 501 |
|
|
|a Obsahuje: Přívazek 1, Ioannis Zonarae Magni Drugarij Biglae ... / Johannes Zonaras. -- Přívazek 2, Ioannis Zonarae Monachi Tomus Historiarum tertius ... / Johannes Zonaras. -- Přívazek 3, Nicetae Acominati Choniatae, Magni Logothetae Secretorum ... / Nikétas Chóniatés
|
| 546 |
|
|
|a Text tištěn latinsky a řecky
|
| 561 |
|
|
|a Provenience: [supralibros] SAB [Stephanus Abbas Brevnoviensis = Štěpán Rautenstrauch]
|
| 561 |
|
|
|a Provenience: [m.p.] Reuerendo ac docto Viro Georgio Egelgrasser Parrocho Eum temporis in Arenstorff: fratri suo carissimo, M. Apollo D inglerris Ecclesiastes Zitopoli austris. confirmationis et conseruationis pr[a]go: 14 September 1566 .... Obir. Adj. 25 decembris Anno [15]66 et in die Natiuitatis dom[ini] Gl[ori]j. An[n]a Req[ui]escerim pare
|
| 561 |
|
|
|a Provenience: [m.p.] M.D.LXX Cum ex libris Christophori Thebingeri Velarensis. Fac mecum D[omi]no secundum misericordium tuam & Iustificationes tuas doce me. Psal. CXIX
|
| 561 |
|
|
|a Provenience: [m.p.] Monasterij S. Wenceslai Braunae OSB
|
| 561 |
|
|
|a Provenience: [razítko] S.A.B. BRAUNAU
|
| 561 |
|
|
|a Provenience: [razítko] SVK HK/1778
|
| 563 |
|
|
|a Původní usňová vazba, dřevěné desky potažené vepřovicí s florálním a figurálním slepotiskem v rámcích, hlavičky bez legend, na přední knižní desce zlacené slepotiskové supralibros SAB [V barokní kartuši alianční znak břevnovského kláštera, heraldicky v pravém štítu kosmo položené břevno se třemi suky, v heraldicky levém štítu šikmo tři zlatá břevna, v prostředním tři růže, nad kartuší položená mitra s fimbriemi odletujícími heraldicky vlevo, z pravé strany podložená mitrou, nad mitrou iniciály S. A. B. (Stephanus Abbas Brevnoviensis = Štěpán Rautenstrauch)], na hřbetě zlacený slepotiskový nápisový štítek a zlacený slepotiskový nápisový štítek s literou E, kovové rožnice, dvě kovové spony - defektní (1 chybí)
|
| 590 |
|
|
|a Na přední knižní desce část usně chybí, poškozeno vodou (mapy)
|
| 650 |
|
7 |
|a světové dějiny
|7 ph117271
|2 czenas
|
| 650 |
|
7 |
|a kroniky
|7 ph121967
|2 czenas
|
| 650 |
|
7 |
|a starověk
|x dějiny
|7 ph126028
|2 czenas
|
| 650 |
|
7 |
|a dějiny Židů
|7 ph489410
|2 czenas
|
| 650 |
|
7 |
|a historické knihovní fondy
|7 ph172933
|2 czenas
|
| 651 |
|
7 |
|a starověký Řím
|7 ge131512
|2 czenas
|
| 651 |
|
7 |
|a Byzanc
|7 ge131496
|2 czenas
|
| 651 |
|
7 |
|a Palestina
|7 ge130360
|2 czenas
|
| 655 |
|
7 |
|a staré tisky
|7 fd422076
|2 czenas
|
| 655 |
|
7 |
|a kroniky
|7 fd132684
|2 czenas
|
| 700 |
0 |
|
|a Jindřich
|b II.,
|c francouzský král,
|d 1519-1559
|7 jn20000700814
|4 oth
|
| 700 |
1 |
|
|a Wolf, Hieronymus,
|d 1516-1580
|7 mzk2008468979
|4 trl
|
| 700 |
1 |
|
|a Fugger, Anton
|4 aut
|
| 856 |
4 |
2 |
|u http://reader.digitale-sammlungen.de/resolve/display/bsb11119888.html
|y Digitalizovaný dokument
|z Exemplář z Bavorské národní knihovny, sign. 999 IE/2Class.14
|
| 903 |
|
|
|a RP
|
| 910 |
|
|
|a NAG950
|b B - XXII. A. 16,1
|
| 978 |
|
|
|b Oporinus, Johann
|a Basel
|c 1557
|
| 981 |
1 |
|
|a Rautenstrauch, Franz Stephan,
|d 1734-1785
|7 mzk2007395195
|
| 981 |
1 |
|
|a Egelgrasser, Georg
|8 1566
|
| 981 |
1 |
|
|a Thebinger, Christophorus
|
| 982 |
0 |
|
|a Broumov - benediktinský klášter
|
| 982 |
0 |
|
|a Hradec Králové - SVK
|
| 984 |
|
|
|a Basilej
|b Švýcarsko
|
| 985 |
|
|
|a 1551-1600
|
| 990 |
|
|
|a BK
|
| 991 |
|
|
|k broumov
|
| 980 |
|
|
|c 000813
|g B - XXII. A. 16,1
|1 458950000813
|
| 994 |
|
|
|a DN
|l MZK03
|b 001241203
|m záznam 1. díla (pro objednání pokračujte kliknutím)
|n přívazek 1
|
| 994 |
|
|
|a DN
|l MZK03
|b 001241204
|m záznam 1. díla (pro objednání pokračujte kliknutím)
|n přívazek 2
|
| 994 |
|
|
|a DN
|l MZK03
|b 001241205
|m záznam 1. díla (pro objednání pokračujte kliknutím)
|n přívazek 3
|